000
00203nam a22000857a 4500
008
161125b xxu||||| |||| 00| 0 eng d
100
_9
1418
_a
Mathers.M.
245
_a
Graphing Grade-4
260
_a
USA
_b
TCR
_c
2011
999
_c
4135
_d
4135